Mean Girls in Movies Quiz Stats

 Plays Quiz Updated Jul 21, 2014

Challenge
Share
Tweet
Score 0/15 Timer 03:00
0 Plays Today
Image # Movie % Correct
The Wizard of Oz (The Wicked Witch of the West)
96.1%
One Hundred and One Dalmatians (Cruella De Vil)
81.1%
Harry Potter series (Bellatrix Lestrange)
66.2%
Misery (Annie Wilkes)
65.1%
Basic Instinct (Catherine Tramell)
60.2%
One Flew Over the Cuckoo's Nest (Nurse Ratched)
59.9%
Fatal Attraction (Alex Forrest)
51.2%
The Exorcist (Regan MacNeil)
45%
Image # Movie % Correct
Mommie Dearest (Joan Crawford)
42.2%
Men In Black II (Serleena)
32.7%
What Ever Happened to Baby Jane? (Baby Jane Hudson)
24.8%
Friday the 13th (I) (Pamela Voorhees)
19%
The Manchurian Candidate (Mrs. John Iselin)
13.9%
To Die For (Suzanne Stone Maretto)
11.3%
House of 1000 Corpses (Baby)
4.5%

You're not logged in!

Compare scores with friends on all Sporcle quizzes.
Join for Free
OR
Log In

You Might Also Like...

Show Comments

Extras

Top Quizzes Today


Score Distribution

Your Account Isn't Verified!

In order to create a playlist on Sporcle, you need to verify the email address you used during registration. Go to your Sporcle Settings to finish the process.

Report this User

Report this user for behavior that violates our Community Guidelines.

Details: